| 000 | 00631nam a22002057a 4500 | ||
|---|---|---|---|
| 999 |
_c9930 _d9930 |
||
| 003 | AR-CdUCM | ||
| 008 | 190328b ||||| |||| 00| 0 spa d | ||
| 020 | _a978-84-236-8378-9 | ||
| 040 |
_aMUNICIPALIDAD PROVINCIAL DEL CUSCO _cBIBLIOTECA MUNICIPAL DEL CUSCO |
||
| 082 |
_aSI-0123 / _bBRE / sab |
||
| 100 |
_aBrenifier, Oscar _926481 |
||
| 245 | _a¿Qué es el saber? | ||
| 260 |
_aFrance : _bEdebé, _c2007. |
||
| 300 |
_bIlustraciones. _c23.5 cm. |
||
| 500 | _apáginas sin numerar. | ||
| 650 |
_aLiteratura infantil. _9588 |
||
| 700 |
_aBueno, Beatriz (traductora) _926482 |
||
| 942 |
_2ddc _cLIBROS |
||
| 945 |
_apjha _d2019-05-14 |
||